| 000 | 005780000a22001810004500 | ||
|---|---|---|---|
| 003 | MACL | ||
| 005 | 20160602172158.0 | ||
| 008 | 160602b xxu||||| |||| 00| 0 eng d | ||
| 040 |
_aMACL _cMACL |
||
| 041 | _aHindi | ||
| 082 | _a920 | ||
| 100 |
_aकुमार, राजेन्द्र _961071 |
||
| 245 |
_aइलाचंद्र जोशी _cराजेन्द्र कुमार |
||
| 260 |
_bसाहित्य अकादेमी _c1993 _aदिल्ली |
||
| 350 | _a15 | ||
| 650 |
_aBiography _961897 |
||
| 942 |
_cHIN _k920/KUM _2ddc |
||
| 999 |
_c21079 _d21079 |
||